000 00675nam a2200289Ia 4500
005 20260324125312.0
008 008 260324s9999 xx 000 0 eng d
020 _a9780429140822
037 _aEBOOK
040 _aCRL
040 _beng
040 _cCRL
041 _2eng
041 _aeng
084 _qCRL
100 _aThomas Williams
_91177473
245 0 _aThermal Imaging Cameras
245 0 _bCharacteristics and Performance
260 _bTaylor and Francis
260 _c2009
365 _a
365 _b290
856 _uhttp://www.taylorfrancis.com/books/9780429140822
942 _cEBOOK
999 _c1772589
_d1772589